| 000 | 00903nam a2200241Ia 4500 | ||
|---|---|---|---|
| 003 | 0 | ||
| 005 | 20250129094354.0 | ||
| 008 | 190909s9999 xx 000 0 und d | ||
| 050 |
_aPGS TD 172.5 _b.B352 2019 |
||
| 100 | _aBautista, Ervin Joshua V. | ||
| 245 |
_aPhytoremediation potential of Ipomoea aquatica and Nymphaea lotus / _cErvin Joshua V. Bautista. |
||
| 260 |
_aLas PiƱas City, Philippines : _bSouthville International School and Colleges, _c2019. |
||
| 300 |
_a31 p. : _bill. ; _c28 cm. |
||
| 504 | _aIncludes bibliographical references. | ||
| 650 | _aPhytoremediation. | ||
| 650 | _aIpomoea aquatica (or Water spinach). | ||
| 650 | _aNymphaea lotus (or Lotus). | ||
| 650 |
_aAquatic plants _vEnvironmental aspects. |
||
| 650 |
_aWater pollution _vBioremediation. |
||
| 650 | _aWater quality management. | ||
| 650 |
_aEnvironmental remediation _vBioremediation. |
||
| 942 |
_2lcc _cPASS |
||
| 999 |
_c362084 _d362084 |
||